Prentice Hall science explorer : Earth's changing surface

This book consists of the following four chapter: mapping earth's surface, weathering and soil formation, erosion and deposition, and trip through geologic time.

Guardado en:
Detalles Bibliográficos
Formato: Libro
Lenguaje:Undetermined
Publicado: Boston, MA. Pearson Prentice-Hall 2005
Materias:
Etiquetas: Agregar Etiqueta
Sin Etiquetas, Sea el primero en etiquetar este registro!
Thư viện lưu trữ: Trung tâm Học liệu Trường Đại học Cần Thơ
LEADER 00776nam a2200217Ia 4500
001 CTU_113066
008 210402s9999 xx 000 0 und d
020 |c 493000 
082 |a 507.8 
082 |b P927ec 
245 0 |a Prentice Hall science explorer : 
245 0 |b Earth's changing surface 
260 |a Boston, MA. 
260 |b Pearson Prentice-Hall 
260 |c 2005 
520 |a This book consists of the following four chapter: mapping earth's surface, weathering and soil formation, erosion and deposition, and trip through geologic time. 
650 |a Science,Scientific recreations,Science museums 
650 |x Experiments,Educational aspects 
650 |y Juvenile literature 
904 |i Minh 
980 |a Trung tâm Học liệu Trường Đại học Cần Thơ